000 00755cam a22002773a 4500
001 32859
003 PGUSA
005 20140828083718.0
008 100617s2010||||xxu|||||s|||||000 1 eng d
040 _aPGUSA
_beng
042 _adc
050 4 _aPS
100 1 _aStockham, Richard
245 1 0 _aPerchance to Dream
_h[electronic resource] /
_cRichard Stockham
260 _bProject Gutenberg,
_c2010
506 _aPublic domain in the USA.
516 _aElectronic text
653 _aShort stories
653 _aDystopias -- Fiction
653 _aDreams -- Fiction
653 _aScience fiction
700 1 _aFreas, Kelly,
_d1922-2005
830 0 _aProject Gutenberg
_v32859
856 4 0 _uhttp://www.gutenberg.org/ebooks/32859
942 _cEB
999 _c262114
_d262114